00330nam a2200133 a 4500008004100000245003700041260003300078020001800111041000800129044001100137100002000148250001600168300001200184190603s2007|||| d10aHojnost pro začátečníky  bEugenika c2007aBratislava  a8089227846c0 acze axocSK1 aPeterson Ellen  a1. vydanie  a210 s.